08_茨城県の市町村(ひらがな対応・五十音順) - Statistics

General Stats
  • This quiz has been taken 34 times
  • The average score is 39 of 44
Answer Stats
種類 市町村名 % Correct
つくば市
100%
石岡市
97%
鹿嶋市
97%
つくばみらい市
97%
土浦市
97%
日立市
97%
鉾田市
97%
水戸市
97%
牛久市
94%
大洗町
94%
かすみがうら市
94%
北茨城市
94%
古河市
94%
取手市
94%
常陸太田市
94%
常陸大宮市
94%
ひたちなか市
94%
笠間市
90%
桜川市
90%
常総市
90%
高萩市
90%
筑西市
90%
東海村
90%
行方市
90%
守谷市
90%
結城市
90%
龍ケ崎市
90%
阿見町
87%
潮来市
87%
稲敷市
87%
茨城町
87%
小美玉市
87%
神栖市
87%
五霞町
87%
境町
87%
下妻市
87%
那珂市
87%
坂東市
87%
河内町
81%
利根町
81%
城里町
77%
大子町
77%
美浦村
77%
八千代町
74%
No matching quizzes found
Score Distribution
Percent of People with Each Score
Percentile by Number Answered
Your Score History
You have not taken this quiz